[Event "Africa-ch"]
[Site "Cairo"]
[Date "2015.05.02"]
[Round "1"]
[White "Farahat, Ali"]
[Black "Nadir, Samir"]
[Result "0-1"]
[WhiteElo "2390"]
[BlackElo "2136"]
[PlyCount "136"]
[EventDate "2015.05.02"]
[EventType "swiss"]
[EventRounds "9"]
[EventCountry "EGY"]
[SourceTitle "CBM 166 Extra"]
[Source "ChessBase"]
[SourceDate "2015.06.18"]
[SourceVersion "1"]
[SourceVersionDate "2015.06.18"]
[SourceQuality "1"]

1. e4 c6 2. d4 d5 3. exd5 cxd5 4. c4 Nf6 5. Nc3 Nc6 6. Nf3 Bg4 7. cxd5 Nxd5 8. Qb3 Bxf3 9. gxf3 e6 10. Qxb7 Nxd4 11. Bb5+ Nxb5 12. Qc6+ Ke7 13. Qxb5 Qd7 14. Nxd5+ Qxd5 15. Qxd5 exd5 16. 0-0 Ke6 17. Be3 Be7 18. Rad1 Rad8 19. Rfe1 Kf5 20. Re2 Rd7 21. Rd4 g5 22. Red2 Rhd8 23. Ra4 Bf6 24. Ra5 Ke6 25. Re2 Kf5 26. Rd2 Ke6 27. Bc5 Be5 28. b4 Rb8 29. a3 Rbb7 30. Kf1 Bxh2 31. Ra6+ Kf5 32. Rh6 Bf4 33. Rd3 f6 34. Ke2 Rbc7 35. Rd1 Be5 36. Kd3 Kf4 37. Rh3 Kf5 38. Kc2 Rc6 39. Kb3 Re6 40. Rdh1 a6 41. Rxh7 Rxh7 42. Rxh7 Kf4 43. Rh3 Rc6 44. a4 Re6 45. a5 Rc6 46. Be3+ Kf5 47. Bc5 Kf4 48. Be3+ Kf5 49. Bd2 d4 50. Rh1 Bf4 51. Rd1 Bxd2 52. Rxd2 Rc3+ 53. Kb2 Ke5 54. f4+ gxf4 55. Re2+ Kd5 56. b5 Rc5 57. bxa6 Rxa5 58. f3 Rxa6 59. Re4 Rc6 60. Re8 d3 61. Rd8+ Kc4 62. Re8 Rb6+ 63. Kc1 Kc3 64. Rc8+ Kd4 65. Re8 Rb5 66. Kd2 Rb2+ 67. Kd1 Rg2 68. Kc1 Re2 0-1

[Event "Olympiad-41"]
[Site "Tromsoe"]
[Date "2014.08.10"]
[Round "8.1"]
[White "Nadir, Samir"]
[Black "Zaibi, Amir"]
[Result "1-0"]
[WhiteElo "2141"]
[BlackElo "2297"]
[PlyCount "77"]
[EventDate "2014.08.02"]
[EventType "team-swiss"]
[EventRounds "11"]
[EventCountry "NOR"]
[SourceTitle "CBM 162"]
[Source "ChessBase"]
[SourceDate "2014.09.17"]
[SourceVersion "1"]
[SourceVersionDate "2014.09.17"]
[SourceQuality "1"]
[WhiteTeam "Sudan"]
[BlackTeam "Tunisia"]
[WhiteTeamCountry "SUD"]
[BlackTeamCountry "TUN"]

1. d4 Nf6 2. Nf3 g6 3. Bf4 Bg7 4. e3 Nh5 5. Be5 f6 6. Bg3 Nxg3 7. hxg3 0-0 8. Nc3 d5 9. e4 c6 10. Bd3 e5 11. dxe5 fxe5 12. Qe2 b5 13. exd5 b4 14. Ne4 cxd5 15. 0-0-0 Qe7 16. Neg5 Rxf3 17. Nxf3 Bb7 18. Bb5 e4 19. Nd4 Nd7 20. Bxd7 Qxd7 21. f3 Rc8 22. Kb1 Qe7 23. fxe4 dxe4 24. Qg4 Re8 25. Qh4 Bf6 26. Qf4 e3 27. Nf3 e2 28. Qc4+ Kg7 29. Rde1 Bxf3 30. gxf3 Qe5 31. c3 bxc3 32. Rxh7+ Kxh7 33. Qf7+ Kh6 34. Rh1+ Kg5 35. f4+ Kf5 36. fxe5 Rxe5 37. Re1 cxb2 38. Qc4 Re4 39. Qd3 1-0

[Event "Olympiad-41"]
[Site "Tromsoe"]
[Date "2014.08.04"]
[Round "3.1"]
[White "Baburin, Alexander"]
[Black "Nadir, Samir"]
[Result "0-1"]
[WhiteElo "2502"]
[BlackElo "2141"]
[PlyCount "90"]
[EventDate "2014.08.02"]
[EventType "team-swiss"]
[EventRounds "11"]
[EventCountry "NOR"]
[SourceTitle "CBM 162"]
[Source "ChessBase"]
[SourceDate "2014.09.17"]
[SourceVersion "1"]
[SourceVersionDate "2014.09.17"]
[SourceQuality "1"]
[WhiteTeam "Ireland"]
[BlackTeam "Sudan"]
[WhiteTeamCountry "IRL"]
[BlackTeamCountry "SUD"]

1. d4 d5 2. c4 e6 3. Nf3 c6 4. Qc2 f5 5. g3 Nf6 6. Bg2 Bd6 7. 0-0 0-0 8. b3 Ne4 9. Bb2 Nd7 10. Nbd2 Qf6 11. c5 Bc7 12. b4 a6 13. e3 g5 14. a4 g4 15. Ne1 Qg5 16. Nd3 Rf6 17. Nf4 Rh6 18. f3 Nef6 19. fxg4 Nxg4 20. Nf3 Qe7 21. Rae1 Nf8 22. h3 Nf6 23. Ne5 Bd7 24. Qe2 Ng6 25. Nfxg6 hxg6 26. h4 Kg7 27. e4 dxe4 28. d5 cxd5 29. Ng4 Rf8 30. Nxh6 Kxh6 31. Qe3+ Kh7 32. Qg5 Rf7 33. a5 Ng4 34. Qxe7 Rxe7 35. Bh3 Bxg3 36. Bxg4 Bxe1 37. Rxe1 fxg4 38. Be5 Bb5 39. Kg2 Rf7 40. Kg3 Rf5 41. Bd6 Bd3 42. Kxg4 e5 43. Kg3 Kh6 44. Rd1 d4 45. Rd2 e3 0-1

[Event "Olympiad-41"]
[Site "Tromsoe"]
[Date "2014.08.02"]
[Round "1.1"]
[White "Nadir, Samir"]
[Black "Ivanisevic, Ivan"]
[Result "0-1"]
[WhiteElo "2141"]
[BlackElo "2613"]
[PlyCount "50"]
[EventDate "2014.08.02"]
[EventType "team-swiss"]
[EventRounds "11"]
[EventCountry "NOR"]
[SourceTitle "CBM 162"]
[Source "ChessBase"]
[SourceDate "2014.09.17"]
[SourceVersion "1"]
[SourceVersionDate "2014.09.17"]
[SourceQuality "1"]
[WhiteTeam "Sudan"]
[BlackTeam "Serbia"]
[WhiteTeamCountry "SUD"]
[BlackTeamCountry "SRB"]

1. c4 e5 2. Nc3 Nc6 3. Nf3 f5 4. d3 Nf6 5. e3 Bb4 6. Bd2 0-0 7. Be2 d6 8. Qc2 Bxc3 9. Bxc3 Qe8 10. h3 a5 11. a3 Bd7 12. b3 Qg6 13. Rh2 Nd8 14. g3 Qe8 15. Nd2 b5 16. f4 exf4 17. exf4 Ne6 18. 0-0-0 Qg6 19. Nf1 Bc6 20. cxb5 Bxb5 21. Bf3 Ra6 22. Re2 Nc5 23. Bd4 Bc6 24. Qc4+ Qf7 25. Qxf7+ Kxf7 0-1